000 00985nam a2200277Ia 4500
003 OSt
005 20220930080150.0
006 a|||||r|||| 00| 0
007 ta
008 220926b |||||||| |||| 00| 0 eng d
024 _a85906
037 _cTheses
040 _aCRL
_cCRL
_beng
041 _2eng
_aeng
100 _aMittal Rakesh
110 _aUniversity of Delhi. Faculty of Medical Sciences. Department of Surgery
245 0 _aAssessment of injury severity in patients of polytrauma using new injugy severity score (NISS) & immune status changes following mechanical trauma
260 _c2006
650 _aSURGERY
700 _a Dr. A. S. Chwla Gu.
_9538219
700 _a Dr. Ajit Sinha Gu.
_9536841
700 _a Dr. D. Bhatnagar Gu.
_9536038
700 _aUniversity of Delhi. Faculty of Medical Sciences. Department of Surgery
942 _cDIS
_2CC
999 _c869402
_d869402